000 00436cam a2200181ua 4500
020 _c19.50
041 _aeng
_h
082 _a632.3
_bSIN/PL
100 _aSingh, R S .
245 _aPlant diseases /
_cR S Singh.
_hTextual Documents
250 _a4 /
_b.
260 _aNew Delhi :
_bOxford & IBH Publishing company ,
_c1978.
300 _a564 ; .
365 _a19.50
504 _a
942 _cBK
999 _c11073
_d11073